000 00249nam a2200109Ia 4500
008 190216s9999||||xx |||||||||||||| ||und||
100 _aNagarajan K
245 0 _aProject Management
260 _bJohn Wiley & Sons
_c2003
300 _a508p
942 _cBK
999 _c6453
_d6453